[Event "Centrocoop June op-B"]
[Site "Eforie Nord"]
[Date "1998.??.??"]
[Round "?"]
[White "Bakharev, Andrei"]
[Black "Shushu, Avram"]
[Result "1-0"]
[WhiteElo "2135"]
[BlackElo "1650"]
[PlyCount "44"]
[EventDate "1998.06.??"]
[EventType "swiss"]
[EventRounds "11"]
[EventCountry "ROU"]
[SourceTitle "EXT 2000"]
[Source "ChessBase"]
[SourceDate "1999.11.16"]
[SourceVersion "1"]
[SourceVersionDate "1999.11.16"]
[SourceQuality "1"]

1. d4 Nf6 2. c4 d5 3. cxd5 Nxd5 4. e4 Nb6 5. Nc3 e6 6. Be3 Be7 7. Bd3 Nc6 8. a3 Bf6 9. Nf3 0-0 10. e5 Be7 11. Qc2 g6 12. h4 f5 13. exf6 Rxf6 14. h5 Rf5 15. hxg6 hxg6 16. Bxf5 gxf5 17. 0-0-0 Bf6 18. g4 Ne7 19. Rdg1 Kf8 20. gxf5 Nxf5 21. Bg5 Bxg5+ 22. Rxg5 Qf6 1-0

[Event "Centrocoop June op-B"]
[Site "Eforie Nord"]
[Date "1998.??.??"]
[Round "?"]
[White "Turcan, Mihai"]
[Black "Shushu, Avram"]
[Result "0-1"]
[WhiteElo "1750"]
[BlackElo "1650"]
[PlyCount "96"]
[EventDate "1998.06.??"]
[EventType "swiss"]
[EventRounds "11"]
[EventCountry "ROU"]
[SourceTitle "EXT 2000"]
[Source "ChessBase"]
[SourceDate "1999.11.16"]
[SourceVersion "1"]
[SourceVersionDate "1999.11.16"]
[SourceQuality "1"]

1. e4 c6 2. d4 d5 3. Nd2 g6 4. e5 e6 5. Bd3 c5 6. c3 Nc6 7. Ngf3 Bd7 8. h4 h5 9. Qc2 cxd4 10. cxd4 Nge7 11. a3 Qb6 12. Nb3 Rc8 13. Qd1 Nf5 14. Bxf5 gxf5 15. 0-0 a5 16. Be3 a4 17. Nbd2 Na5 18. Rb1 Bb5 19. Re1 Qc6 20. Rc1 Qxc1 21. Qxc1 Rxc1 22. Rxc1 Bc4 23. Nf1 Be7 24. Ng3 b5 25. Bd2 Nb3 26. Rd1 Nxd2 27. Rxd2 Kd7 28. Kh2 b4 29. axb4 Bxb4 30. Rc2 Be7 31. Kh3 Bb4 32. Rc1 f4 33. Nf1 Bxf1 34. Rxf1 Rc8 35. Ra1 Ra8 36. g3 fxg3 37. fxg3 Be7 38. Ne1 f6 39. Nd3 fxe5 40. dxe5 a3 41. bxa3 Rxa3 42. Rxa3 Bxa3 43. Nf4 Bb2 44. Nd3 Bd4 45. Kg2 Ke7 46. Kf3 Kf7 47. Kf4 Kg6 48. Ne1 Bb2 0-1